LEADER 01409nam--2200409---450- 001 990000737830203316 005 20100823103208.0 010 $a88-15-05028-0 035 $a0073783 035 $aUSA010073783 035 $a(ALEPH)000073783USA01 035 $a0073783 100 $a20011113d1995----km-y0itay0103----ba 101 $aita 102 $aIT 105 $a||||||||001yy 200 1 $a<> investimenti degli enti locali e i loro costi$fa cura di Gianfranco Cerea$gcon scritti di Alberto Di Cataldo e Maria Grazia Zorzi 210 $aBologna$cIl Mulino$d1995 215 $a170 p$d22 cm 225 2 $aOrganizzazione e funzionamento della pubblica amministrazione$v65 410 $12001$aOrganizzazione e funzionamento della pubblica amministrazione$v65 606 0 $aEnti locali$xInvestimenti 676 $a352.14 702 1$aCEREA,$bGianfranco 702 1$aDI CATALDO,$bAlberto 702 1$aZORZI,$bMaria Grazia 801 0$aIT$bsalbc$gISBD 912 $a990000737830203316 951 $aXXIV.3. Coll. 31/ 25 (COLL. HQP 65)$b8509 G$cXXIV.3. Coll. 31/ 25 (COLL. HQP)$d00287460 959 $aBK 969 $aGIU 979 $aPATTY$b90$c20011113$lUSA01$h1246 979 $c20020403$lUSA01$h1722 979 $aPATRY$b90$c20040406$lUSA01$h1651 979 $aRSIAV2$b90$c20100823$lUSA01$h1032 996 $aInvestimenti degli enti locali e i loro costi$9634417 997 $aUNISA LEADER 01902oam 2200469Ia 450 001 9910697352203321 005 20080812091257.0 035 $a(CKB)5470000002387410 035 $a(OCoLC)54072907 035 $a(EXLCZ)995470000002387410 100 $a20040123d2003 ua 0 101 0 $aeng 135 $aurmn||||||||| 181 $ctxt$2rdacontent 182 $cc$2rdamedia 183 $acr$2rdacarrier 200 10$aFipronil and degradation products in the rice-producing areas of the Mermentau River Basin, Louisiana, February-September 2000$b[electronic resource] /$f[by Dennis K. Demcheck and Stanley C. Skrobialowski] 210 1$a[Reston, Va.] :$cU.S. Dept. of the Interior, U.S. Geological Survey,$d[2003] 215 $a6 pages $cdigital, PDF file 225 1 $aUSGS Fact sheet ;$vFS-010-03 300 $aTitle from title screen (viewed on Aug. 11, 2008). 300 $aAt head of title: National Water-Quality Assessment Program. 300 $a"March 2003." 320 $aIncludes bibliographical references. 606 $aInsecticides$xBiodegradation$zLouisiana$zMermentau River Watershed 606 $aWater$xPollution$zLouisiana$zMermentau River Watershed 606 $aPesticides$xEnvironmental aspects$zLouisiana$zMermentau River Watershed 615 0$aInsecticides$xBiodegradation 615 0$aWater$xPollution 615 0$aPesticides$xEnvironmental aspects 700 $aDemcheck$b Dennis K$01391623 701 $aSkrobialowski$b Stanley C$01391547 712 02$aNational Water-Quality Assessment Program (U.S.) 712 02$aGeological Survey (U.S.) 801 0$bGIS 801 1$bGIS 801 2$bOCLCQ 801 2$bGPO 906 $aBOOK 912 $a9910697352203321 996 $aFipronil and degradation products in the rice-producing areas of the Mermentau River Basin, Louisiana, February-September 2000$93523866 997 $aUNINA